| 000 | 01027nam a22003137a 4500 | ||
|---|---|---|---|
| 001 | BR0203488 | ||
| 003 | BR-BrBNA | ||
| 005 | 20230928101114.0 | ||
| 007 | ta | ||
| 008 | 230509b bl.||||| |||| 00| 0 por d | ||
| 040 |
_aBR-BrBNA _bpor _cBiblioteca Nacional de Agricultura |
||
| 041 | _a(Por) | ||
| 072 |
_aF04; F06; P33 _b1845 |
||
| 090 | _ 1845 BR0203488 | ||
| 100 | 1 | _aSilva, E.F. de F. e | |
| 110 | 1 |
_aEscola Superior de Agricultura Luiz de Queiroz, Piracicaba, SP (Brasil) _0Tese (Doutor em Agronomia) |
|
| 245 | 1 | _aManejo da fertirrigação e controle da salinidade na cultura do pimentão utilizando extratores de solução do solo | |
| 260 | 3 |
_aPiracicaba, SP (Brasil): _c2002. |
|
| 300 | _a136 p. | ||
| 500 | _aSummaries (Eng, Por); Bibliography p. 126-136; 35 tables; 66 illus. | ||
| 650 | _aPIMENTÃO | ||
| 650 | _aFERTIRRIGAÇÃO | ||
| 650 | _aSALINIDADE | ||
| 650 | _aSOLO | ||
| 650 | _aANATOMIA VEGETAL | ||
| 650 | _aRESPOSTA DA PLANTA | ||
| 909 |
_a202309 _bLucia _c55 _dLucia Elande |
||
| 942 | _cBK | ||
| 999 |
_c64281 _d64281 |
||